| 000 | 01461cab a2200397 4500 | ||
|---|---|---|---|
| 001 | ABS59644 | ||
| 008 | 090401t1998 xxu||||| |||| 00| 0 eng d | ||
| 035 | _a(Sirsi) u89979 | ||
| 041 | _aeng | ||
| 100 | _aDunse, N. | ||
| 245 | 4 | _aThe extent and limitations of local commercial property market data | |
| 260 | _c1998 | ||
| 350 | _a0 | ||
| 490 |
_aJournal of Property Valuation and Investment _v16(5) 1998, 455-473(19) |
||
| 520 | _aReviews the sources and provision of commercial property data by both the public and private sectors. Examines the nature of property and measurement problems, and discusses the issues of representativeness and weighting of centres raised by the spatial aggregation of indices. Considers the interpretation of spatial indices and the potential statistical problems. Includes references. | ||
| 650 | _aPROPERTY-COMMERCIAL PROPERTY | ||
| 650 | _aCOMPETITIVENESS | ||
| 650 | _aINVESTMENT | ||
| 650 | _aIPD | ||
| 650 | _aLOCAL LEVEL | ||
| 650 | _aMARKET DATA | ||
| 650 | _aNATIONAL LEVEL | ||
| 650 | _aPROPERTY PERFORMANCE | ||
| 650 | _aREGIONAL LEVEL | ||
| 650 | _aRENT DEFINITIONS | ||
| 650 | _aSOURCES | ||
| 650 | _aSPATIAL INDICES | ||
| 650 | _aSTATISTICAL INFORMATION | ||
| 650 | _aYIELDS | ||
| 690 | _aPROPERTY-COMMERCIAL PROPERTY-COMMERCIAL PROPERTY APPRAISAL AND VALUATION | ||
| 700 | _aJones, C. | ||
| 700 | _aTarbert, H. | ||
| 700 | _aOrr, A. | ||
| 942 | _n0 | ||
| 948 | _c26/11/1998 | ||
| 999 |
_c56975 _d56975 |
||